<?xml version="1.0" encoding="UTF-8"?>
<marc:record xmlns:marc="http://www.loc.gov/MARC21/slim">
   <marc:leader>00000nam a2200000 a 4500</marc:leader>
   <marc:datafield ind1="1" ind2=" " tag="100">
      <marc:subfield code="a">Vostokov, Stanislav</marc:subfield>
      <marc:subfield code="4">aut</marc:subfield>
      <marc:subfield code="e">Verfasser/-in</marc:subfield>
   </marc:datafield>
   <marc:datafield ind1=" " ind2=" " tag="653">
      <marc:subfield code="a">Kinderbuch</marc:subfield>
   </marc:datafield>
   <marc:datafield ind1=" " ind2=" " tag="653">
      <marc:subfield code="a">Kinderbücher bis 11 Jahre</marc:subfield>
   </marc:datafield>
   <marc:datafield ind1="0" ind2="0" tag="245">
      <marc:subfield code="a">Frossja Furchtlos oder Von sprechenden Hühnern und verschwindenden Häusern</marc:subfield>
   </marc:datafield>
   <marc:datafield ind1="0" ind2="0" tag="245">
      <marc:subfield code="c">Vostokov, Stanislav</marc:subfield>
   </marc:datafield>
   <marc:datafield ind1=" " ind2="1" tag="264">
      <marc:subfield code="a">München</marc:subfield>
      <marc:subfield code="b">Knesebeck</marc:subfield>
   </marc:datafield>
   <marc:datafield ind1=" " ind2=" " tag="250">
      <marc:subfield code="a">Deutsche Erstausgabe</marc:subfield>
   </marc:datafield>
   <marc:datafield ind1="1" ind2=" " tag="520">
      <marc:subfield code="a">Angaben aus der Verlagsmeldung &#xD;
&#xD;
 &#xD;
&#xD;
  Die furchtlose Frossja Korowina oder von sprechenden Hühnern und verschwindenden Häusern / von Stanislaw Wostokow &#xD;
&#xD;
 &#xD;
Weil Frossjas Eltern als Forscher ständig unterwegs sind, lebt das Mädchen bei der Oma, die Kopfarbeit grundsätzlich misstrauisch gegenübersteht und im Kirchenchor mit tiefer Bassstimme singt, in einem traditionellen, hölzernen Bauernhaus auf dem Land. Dort kommt es zu vielen lustigen Verwicklungen mit den kuriosen Persönlichkeiten im Dorf: dem Trunkenbold Nikanor, dem hilfsbereiten, aber kaffeeabhängigen Bären Gerasim, dem Pastor oder dem Museumsdirektor, der Omas Haus abtransportieren und im Freilichtmuseum wieder aufbauen will. Mit Augenzwinkern und viel Wortwitz entfaltet Stanislaw&amp;nbsp;Wostokow eine Bullerbü-Idylle rund um die clevere Heldin Frossja Korowina.</marc:subfield>
   </marc:datafield>
   <marc:datafield ind1=" " ind2=" " tag="020">
      <marc:subfield code="a">9783957282590</marc:subfield>
      <marc:subfield code="9">9783957282590</marc:subfield>
   </marc:datafield>
   <marc:datafield ind1=" " ind2=" " tag="020">
      <marc:subfield code="a">3957282594</marc:subfield>
      <marc:subfield code="9">3957282594</marc:subfield>
   </marc:datafield>
   <marc:datafield ind1=" " ind2=" " tag="041">
      <marc:subfield code="a">ger</marc:subfield>
   </marc:datafield>
   <marc:datafield ind1=" " ind2=" " tag="300">
      <marc:subfield code="b">37 Illustrationen</marc:subfield>
   </marc:datafield>
   <marc:datafield ind1="1" ind2=" " tag="521">
      <marc:subfield code="a">Kind</marc:subfield>
   </marc:datafield>
   <marc:datafield ind1=" " ind2=" " tag="338">
      <marc:subfield code="a">Band</marc:subfield>
   </marc:datafield>
   <marc:datafield ind1=" " ind2=" " tag="300">
      <marc:subfield code="a">176 Seiten</marc:subfield>
   </marc:datafield>
</marc:record>
